000
00230 a2200097 4500
001
39821
100
_a
Goldstein H
245
_a
Classical Mechanics
260
_a
New Delhi
_b
Narosa Publishing House
_c
1988
090
_c
24825
_d
24825
942
_a
NUST-CAE
_c
M
_c
16475
999
_c
274894
_d
274894